| 000 | 00668nam a22001817a 4500 | ||
|---|---|---|---|
| 999 |
_c14979 _d14979 |
||
| 003 | OSt | ||
| 082 | _2631.3 ANU/DE | ||
| 088 | _aP 207 | ||
| 100 |
_aANU S. CHANDRAN _aANEESH MOHAN _aSHABEENA P.K _93622 |
||
| 245 | _aDevelopment of a power - operated coconut husking machine | ||
| 260 |
_aTavanur 2009 _bKelappaji College of Agricultural Engineering and Technology |
||
| 300 | _a33 | ||
| 500 | _aDevelopment of a power - operated coconut husking machine | ||
| 520 | _aDevelopment of a power - operated coconut husking machine | ||
| 700 |
_aEr. Jippu Jacob (Guide) _93623 |
||
| 856 | _uhttps://drive.google.com/open?id=1ywzM13wwBDRxEN1cXMPKJOARf6mjTS-o | ||
| 942 | _cPR | ||